[Event "GLOCAL SQUARE 53rd National Challengers Chess Cham"]
[Site "Naivedhyam Celebration Centre, Nagpur"]
[Date "2015.08.24"]
[Round "10"]
[Board "15"]
[White "Thejkumar, M. S."]
[Black "Karthik, V.   Ap"]
[Result "1-0"]
[WhiteElo "2479"]
[BlackElo "2256"]
[PlyCount "72"]
[EventDate "2015.08.17"]
[EventRounds "13"]
[EventCountry "IND"]

1. d4 Nf6 2. Nf3 e6 3. c4 Bb4+ 4. Bd2 Qe7 5. g3 Nc6 6. Nc3 O-O 7. Bg2 Na5 8. b3
b6 9. O-O Bb7 10. Qc2 d5 11. cxd5 exd5 12. e3 Nc6 13. Ng5 Bxc3 14. Bxc3 Rad8
15. Rfc1 Rfe8 16. Bb2 h6 17. Nf3 Ne4 18. a3 a5 19. Ne1 Rd6 20. Nd3 h5 21. b4
axb4 22. axb4 Rf6 23. Nf4 Qd6 24. b5 Na5 25. Qxc7 Qxc7 26. Rxc7 g5 27. Nxh5 Rh6
28. g4 Nd6 29. Bf1 Rc8 30. Rxc8+ Bxc8 31. h3 Bd7 32. Bc3 Nab7 33. Ra8+ Ne8 34.
Bg2 Kh7 35. Bxd5 Nc7 36. Be4+ f5 1-0

[Event "GLOCAL SQUARE 53rd National Challengers Chess Cham"]
[Site "Naivedhyam Celebration Centre, Nagpur"]
[Date "2015.08.24"]
[Round "10"]
[Board "16"]
[White "Harshal, Shahi"]
[Black "Satyapragyan, Swayangsu"]
[Result "0-1"]
[WhiteElo "2226"]
[BlackElo "2397"]
[PlyCount "82"]
[EventDate "2015.08.17"]
[EventRounds "13"]
[EventCountry "IND"]

1. e4 c5 2. Nf3 e6 3. d4 cxd4 4. Nxd4 Nf6 5. Bd3 Nc6 6. Be3 d5 7. exd5 Nxd5 8.
Nxc6 bxc6 9. Bd2 Rb8 10. O-O Be7 11. c4 Nb4 12. Be4 f5 13. Bxb4 Qxd1 14. Bxc6+
Kf7 15. Rxd1 Rxb4 16. Nc3 Rxb2 17. Nb5 Bc5 18. Rf1 Rd8 19. Nc3 Rc2 20. Na4 Bd4
21. Rab1 Rxc4 22. Rbc1 Rxc1 23. Rxc1 e5 24. Bb5 Be6 25. Bc4 Rb8 26. g3 g5 27.
Bxe6+ Kxe6 28. Nc5+ Kd5 29. Nb3 Rb7 30. Kg2 g4 31. Rc2 Rb4 32. Rc7 Ra4 33. Rxh7
Rxa2 34. Nxd4 exd4 35. Rd7+ Kc4 36. Rc7+ Kb3 37. Rb7+ Kc3 38. Rc7+ Kd2 39. Rc5
d3 40. Rxf5 Ke1 41. Rf4 Re2 0-1

[Event "GLOCAL SQUARE 53rd National Challengers Chess Cham"]
[Site "Naivedhyam Celebration Centre, Nagpur"]
[Date "2015.08.24"]
[Round "10"]
[Board "17"]
[White "Roy Chowdhury, Saptarshi"]
[Black "Navalgund, Niranjan"]
[Result "1-0"]
[WhiteElo "2373"]
[BlackElo "2245"]
[PlyCount "87"]
[EventDate "2015.08.17"]
[EventRounds "13"]
[EventCountry "IND"]

1. e4 e5 2. Nf3 Nc6 3. Bc4 Bc5 4. c3 Nf6 5. d3 a6 6. Bb3 d6 7. h3 O-O 8. Nbd2
Be6 9. O-O h6 10. Re1 Re8 11. Bc2 Ba7 12. Nf1 d5 13. Qe2 Qd7 14. N3h2 Kh8 15.
Ng3 Bc5 16. Qf3 Ng8 17. Ng4 Bf8 18. Ba4 b5 19. Bb3 dxe4 20. dxe4 Bxb3 21. axb3
Qe6 22. Ne3 Red8 23. Nd5 Rd7 24. Be3 Nce7 25. c4 Rb8 26. Qe2 Nc6 27. Rxa6 Nd4
28. Bxd4 Qxa6 29. Bxe5 bxc4 30. bxc4 Rc8 31. Nf5 f6 32. Bc3 Qe6 33. h4 Kh7 34.
h5 Qf7 35. Qg4 Rdd8 36. Re3 c6 37. Nf4 Ra8 38. Ng6 Bc5 39. Re1 Ra7 40. e5 Re8
41. Nd6 Bxd6 42. Qf5 Ne7 43. Nxe7+ Kh8 44. exd6 1-0

[Event "GLOCAL SQUARE 53rd National Challengers Chess Cham"]
[Site "Naivedhyam Celebration Centre, Nagpur"]
[Date "2015.08.24"]
[Round "10"]
[Board "18"]
[White "Gokhale, Chandrashekhar"]
[Black "Sharma, Dinesh K."]
[Result "1/2-1/2"]
[WhiteElo "2218"]
[BlackElo "2363"]
[PlyCount "28"]
[EventDate "2015.08.17"]
[EventRounds "13"]
[EventCountry "IND"]

1. d4 Nf6 2. Nf3 g6 3. Bf4 Bg7 4. e3 d6 5. h3 O-O 6. Be2 Nbd7 7. O-O b6 8. a4
a5 9. c3 Bb7 10. Nbd2 Re8 11. Bh2 Rf8 12. Bf4 Re8 13. Bh2 Rf8 14. Bf4 Re8
 1/2-1/2

[Event "GLOCAL SQUARE 53rd National Challengers Chess Cham"]
[Site "Naivedhyam Celebration Centre, Nagpur"]
[Date "2015.08.24"]
[Round "10"]
[Board "19"]
[White "Rajdeep, Sarkar"]
[Black "Girinath, P.D.S."]
[Result "1/2-1/2"]
[WhiteElo "2154"]
[BlackElo "2338"]
[PlyCount "50"]
[EventDate "2015.08.17"]
[EventRounds "13"]
[EventCountry "IND"]

1. d4 Nf6 2. Nf3 c5 3. d5 b5 4. Bg5 d6 5. Bxf6 exf6 6. e4 a6 7. a4 b4 8. Bd3 g6
9. Nbd2 h5 10. Nc4 Nd7 11. a5 Ne5 12. Nfxe5 fxe5 13. Nb6 Ra7 14. c3 bxc3 15.
bxc3 Bh6 16. Qa4+ Bd7 17. Nxd7 Qxd7 18. Ke2 Qxa4 19. Rxa4 Bg5 20. Rb1 Bd8 21.
Rb8 O-O 22. Ra2 Bc7 23. Rxf8+ Kxf8 24. f3 h4 25. Kd2 Ke7 1/2-1/2

[Event "GLOCAL SQUARE 53rd National Challengers Chess Cham"]
[Site "Naivedhyam Celebration Centre, Nagpur"]
[Date "2015.08.24"]
[Round "10"]
[Board "20"]
[White "Thakur, Akash"]
[Black "Dhulipalla, Bala Chandra Prasad"]
[Result "1-0"]
[WhiteElo "2332"]
[BlackElo "2216"]
[PlyCount "68"]
[EventDate "2015.08.17"]
[EventRounds "13"]
[EventCountry "IND"]

1. d4 Nf6 2. Nc3 d5 3. Bg5 Nbd7 4. Qd3 c5 5. dxc5 e6 6. e4 Bxc5 7. O-O-O d4 8.
Na4 O-O 9. Bxf6 Qxf6 10. Nxc5 Nxc5 11. Qxd4 Qf4+ 12. Kb1 b6 13. f3 Bb7 14. Ne2
Qg5 15. h4 Qe7 16. Qd6 Qf6 17. e5 Qg6 18. Nf4 Qf5 19. Qd4 Be4 20. Bd3 Bxd3 21.
Nxd3 Rad8 22. Qc3 Nxd3 23. Rxd3 Rxd3 24. cxd3 Rd8 25. Qc2 f6 26. exf6 gxf6 27.
Re1 e5 28. Qa4 Qe6 29. Qg4+ Qxg4 30. fxg4 Kf7 31. Re4 Rg8 32. d4 exd4 33. Rxd4
h5 34. gxh5 Rxg2 1-0

[Event "GLOCAL SQUARE 53rd National Challengers Chess Cham"]
[Site "Naivedhyam Celebration Centre, Nagpur"]
[Date "2015.08.25"]
[Round "11"]
[Board "1"]
[White "Swapnil, S. Dhopade"]
[Black "Neelotpal, Das"]
[Result "1/2-1/2"]
[WhiteElo "2458"]
[BlackElo "2448"]
[PlyCount "65"]
[EventDate "2015.08.17"]
[EventRounds "13"]
[EventCountry "IND"]

1. d4 Nf6 2. c4 e6 3. Nf3 Bb4+ 4. Nbd2 O-O 5. a3 Be7 6. e4 d5 7. e5 Nfd7 8. Bd3
c5 9. Qc2 h6 10. O-O Nc6 11. Nb3 Nxd4 12. Nbxd4 cxd4 13. cxd5 exd5 14. b4 a5
15. Rb1 axb4 16. axb4 f6 17. e6 Ne5 18. Nxd4 Qb6 19. Be3 Nxd3 20. Qxd3 Bxe6 21.
Bxh6 Rf7 22. Be3 Bd7 23. Rfd1 Qa6 24. b5 Qa4 25. Ne2 Qg4 26. Qxd5 Rd8 27. Nd4
Bc6 28. Qxd8+ Bxd8 29. bxc6 bxc6 30. Nxc6 Bc7 31. Nd4 Rd7 32. h3 Qe4 33. Nf3
 1/2-1/2

[Event "GLOCAL SQUARE 53rd National Challengers Chess Cham"]
[Site "Naivedhyam Celebration Centre, Nagpur"]
[Date "2015.08.25"]
[Round "11"]
[Board "2"]
[White "Lalith, Babu M.R."]
[Black "Shyaamnikhil, P"]
[Result "0-1"]
[WhiteElo "2570"]
[BlackElo "2420"]
[PlyCount "148"]
[EventDate "2015.08.17"]
[EventRounds "13"]
[EventCountry "IND"]

1. Nf3 d5 2. d4 Nf6 3. c4 dxc4 4. e3 a6 5. a4 e6 6. Bxc4 c5 7. O-O Nc6 8. Qe2
Be7 9. Rd1 Qc7 10. Nbd2 O-O 11. Nb3 cxd4 12. exd4 b6 13. Bg5 h6 14. Bh4 Nh5 15.
Rac1 Bxh4 16. Nxh4 Nf6 17. Nf3 Qd6 18. Ne5 Bb7 19. f4 Nb4 20. Rf1 Bd5 21. Bxd5
Qxd5 22. Rc4 a5 23. Rfc1 Rfe8 24. Nd2 Na2 25. Ra1 Nb4 26. Rac1 Na2 27. R1c2 Nb4
28. R2c3 Qd6 29. Qf3 Qd5 30. Qe2 Qd6 31. Rc1 Na2 32. Ra1 Nb4 33. Qf2 Rac8 34.
Rac1 Rxc4 35. Rxc4 Nfd5 36. Ne4 Qe7 37. Qd2 f6 38. Nf3 Rd8 39. b3 Qf7 40. Nc3
Qg6 41. Nxd5 Nxd5 42. Kf2 Qf5 43. g3 g5 44. fxg5 hxg5 45. Qc2 Qxc2+ 46. Rxc2
Kf7 47. g4 Ke7 48. Kg3 Rh8 49. h3 Kd7 50. Rc4 Rh6 51. Rc2 Nb4 52. Re2 Nd5 53.
Rc2 Rh7 54. Rc4 Rh8 55. Rc2 Nb4 56. Rc4 Kd6 57. h4 gxh4+ 58. Nxh4 Nc6 59. Nf3
Kd5 60. Rc1 Rb8 61. Rc4 Rb7 62. Kf4 Rg7 63. Rc1 Rh7 64. Kg3 Rh8 65. Rf1 Rg8 66.
Rd1 Ne7 67. Rc1 Nf5+ 68. Kf4 Nxd4 69. Nxd4 e5+ 70. Kf5 exd4 71. Rc7 Rd8 72. Kf4
Ke6 73. Rc1 d3 74. Re1+ Kd5 0-1

[Event "GLOCAL SQUARE 53rd National Challengers Chess Cham"]
[Site "Naivedhyam Celebration Centre, Nagpur"]
[Date "2015.08.25"]
[Round "11"]
[Board "3"]
[White "Rathnakaran, K."]
[Black "Karthikeyan, Murali"]
[Result "0-1"]
[WhiteElo "2417"]
[BlackElo "2510"]
[PlyCount "64"]
[EventDate "2015.08.17"]
[EventRounds "13"]
[EventCountry "IND"]

1. e4 c5 2. Nf3 e6 3. d3 Nc6 4. g3 Nf6 5. Bg2 d6 6. O-O Be7 7. c3 O-O 8. Re1 e5
9. h3 Re8 10. d4 exd4 11. cxd4 d5 12. exd5 Nxd5 13. dxc5 Ndb4 14. a3 Nd3 15.
Re2 Nxc5 16. Rd2 Qb6 17. b4 Ne4 18. Rc2 Bf6 19. Raa2 Be6 20. Be3 Qd8 21. Rd2
Qe7 22. Rac2 Bb3 23. Qc1 Bxc2 24. Qxc2 Nxd2 25. Nbxd2 Rad8 26. Nb3 Qd6 27. Kh2
Qd3 28. Qa2 Rxe3 29. fxe3 Qxe3 30. Nc5 Ne5 31. Nxe5 Bxe5 32. Ne4 Rd3 0-1

[Event "GLOCAL SQUARE 53rd National Challengers Chess Cham"]
[Site "Naivedhyam Celebration Centre, Nagpur"]
[Date "2015.08.25"]
[Round "11"]
[Board "4"]
[White "Kunte, Abhijit"]
[Black "Nitin, S."]
[Result "1-0"]
[WhiteElo "2493"]
[BlackElo "2404"]
[PlyCount "79"]
[EventDate "2015.08.17"]
[EventRounds "13"]
[EventCountry "IND"]

1. d4 Nf6 2. c4 g6 3. g3 Bg7 4. Bg2 O-O 5. Nf3 d6 6. O-O Nbd7 7. Nc3 e5 8. e4
exd4 9. Nxd4 Re8 10. h3 Nc5 11. Re1 Bd7 12. Rb1 h6 13. Kh2 h5 14. f3 a5 15. Be3
Nh7 16. Qd2 h4 17. g4 a4 18. Kh1 Ne6 19. Rbd1 Nhf8 20. f4 a3 21. b3 Bc6 22.
Ndb5 g5 23. f5 Nf4 24. Bxf4 gxf4 25. Qxf4 Bxb5 26. Nxb5 Be5 27. Qe3 Nh7 28. g5
Ra5 29. g6 fxg6 30. fxg6 Nf8 31. Rf1 Re6 32. Qf3 Rf6 33. Qh5 Nxg6 34. Rf5 c6
35. Rdf1 Kg7 36. Rxf6 Bxf6 37. e5 dxe5 38. Be4 Nf4 39. Rg1+ Kf8 40. Qh6+ 1-0

[Event "GLOCAL SQUARE 53rd National Challengers Chess Cham"]
[Site "Naivedhyam Celebration Centre, Nagpur"]
[Date "2015.08.25"]
[Round "11"]
[Board "5"]
[White "Venkatesh, M.R."]
[Black "Harsha, Bharathakoti"]
[Result "1-0"]
[WhiteElo "2484"]
[BlackElo "2360"]
[PlyCount "59"]
[EventDate "2015.08.17"]
[EventRounds "13"]
[EventCountry "IND"]

1. e4 e6 2. d4 d5 3. Nd2 Nf6 4. e5 Nfd7 5. Bd3 c5 6. c3 Nc6 7. Ngf3 g6 8. h4 h6
9. Bc2 b6 10. O-O g5 11. hxg5 hxg5 12. g4 Qc7 13. Re1 Bb7 14. Nf1 Rc8 15. Bxg5
Rg8 16. Ne3 Ncxe5 17. dxe5 d4 18. Nc4 Bxf3 19. Qxf3 Rxg5 20. Ba4 Be7 21. cxd4
cxd4 22. Rac1 Kf8 23. Qf4 f5 24. Kf1 Qb7 25. Nd6 Bxd6 26. Rxc8+ Qxc8 27. Qxg5
Qc4+ 28. Kg1 Nxe5 29. Qf6+ Kg8 30. Bb3 1-0

[Event "GLOCAL SQUARE 53rd National Challengers Chess Cham"]
[Site "Naivedhyam Celebration Centre, Nagpur"]
[Date "2015.08.25"]
[Round "11"]
[Board "6"]
[White "K., Praneeth Surya"]
[Black "Karthikeyan, P."]
[Result "1/2-1/2"]
[WhiteElo "2347"]
[BlackElo "2426"]
[PlyCount "49"]
[EventDate "2015.08.17"]
[EventRounds "13"]
[EventCountry "IND"]

1. e4 e5 2. Nf3 Nc6 3. Bc4 Bc5 4. O-O Nf6 5. d3 d6 6. c3 O-O 7. h3 Ne7 8. a4 a5
9. Re1 Ng6 10. Bb3 Bb6 11. Nbd2 c6 12. Nf1 h6 13. Ng3 Re8 14. d4 Qc7 15. Qc2
Be6 16. Bxe6 Rxe6 17. Be3 Rae8 18. dxe5 dxe5 19. Rad1 Bxe3 20. Rxe3 Rd6 21.
Red3 Red8 22. Rxd6 Rxd6 23. Rxd6 Qxd6 24. Qd2 Qc7 25. Qe3 1/2-1/2

[Event "GLOCAL SQUARE 53rd National Challengers Chess Cham"]
[Site "Naivedhyam Celebration Centre, Nagpur"]
[Date "2015.08.25"]
[Round "11"]
[Board "7"]
[White "Palit, Somak"]
[Black "Laxman, R.R."]
[Result "1/2-1/2"]
[WhiteElo "2345"]
[BlackElo "2425"]
[PlyCount "35"]
[EventDate "2015.08.17"]
[EventRounds "13"]
[EventCountry "IND"]

1. e4 e5 2. Nf3 Nc6 3. Bb5 a6 4. Ba4 Nf6 5. O-O Be7 6. Re1 b5 7. Bb3 O-O 8. c3
d6 9. h3 Bb7 10. d4 Re8 11. Ng5 Rf8 12. Nf3 Re8 13. Ng5 Rf8 14. Nf3 Re8 15. Ng5
Rf8 16. Nf3 Re8 17. Ng5 Rf8 18. Nf3 1/2-1/2

[Event "GLOCAL SQUARE 53rd National Challengers Chess Cham"]
[Site "Naivedhyam Celebration Centre, Nagpur"]
[Date "2015.08.25"]
[Round "11"]
[Board "8"]
[White "Stany, G.A."]
[Black "Sengupta, Deep"]
[Result "0-1"]
[WhiteElo "2392"]
[BlackElo "2594"]
[PlyCount "92"]
[EventDate "2015.08.17"]
[EventRounds "13"]
[EventCountry "IND"]

1. e4 e6 2. d4 d5 3. exd5 exd5 4. Bd3 Nc6 5. c3 Bd6 6. Qf3 Be6 7. Bf4 Nf6 8.
Ne2 Be7 9. Nd2 Qd7 10. h3 O-O-O 11. O-O-O Kb8 12. Rhe1 h6 13. Nb3 Ne4 14. Qe3
g5 15. Bh2 f5 16. f3 f4 17. Bxf4 gxf4 18. Nxf4 Rdf8 19. Nxe6 Qxe6 20. Kb1 Bg5
21. Qg1 Bh4 22. Re2 Nxc3+ 23. bxc3 Qd6 24. Qe3 Rhg8 25. Qe6 Qxe6 26. Rxe6 Rxg2
27. Rxh6 Be7 28. h4 a5 29. Nd2 Bd6 30. Rg6 Rh2 31. Rg4 Ne7 32. Nb3 Rxf3 33. Na1
Nf5 34. Nc2 Nxh4 35. c4 dxc4 36. Bxc4 Rff2 37. Bd3 a4 38. Kb2 Ng2 39. Rg8+ Ka7
40. Kc3 Nf4 41. Be4 Ne2+ 42. Kb2 a3+ 43. Kb3 Rh3+ 44. Kc4 b5+ 45. Kxb5 Nc3+ 46.
Ka5 Nxe4 0-1

[Event "GLOCAL SQUARE 53rd National Challengers Chess Cham"]
[Site "Naivedhyam Celebration Centre, Nagpur"]
[Date "2015.08.25"]
[Round "11"]
[Board "9"]
[White "Shyam, Sundar M."]
[Black "Roy Chowdhury, Saptarshi"]
[Result "1-0"]
[WhiteElo "2499"]
[BlackElo "2373"]
[PlyCount "97"]
[EventDate "2015.08.17"]
[EventRounds "13"]
[EventCountry "IND"]

1. e4 c5 2. Nf3 Nc6 3. Bb5 d6 4. O-O Bd7 5. Re1 a6 6. Bc4 Nf6 7. c3 b5 8. Bf1
e5 9. a4 b4 10. d4 cxd4 11. cxd4 Be7 12. d5 Na5 13. Nbd2 O-O 14. Nc4 Bg4 15.
Nxa5 Qxa5 16. Qb3 Nd7 17. Nd2 Nc5 18. Qg3 Bh5 19. Nb3 Qc7 20. Bd2 Nxb3 21. Qxb3
a5 22. Rac1 Qd8 23. Rc6 Bg6 24. Bd3 h6 25. Be3 f5 26. exf5 Bxf5 27. Bxf5 Rxf5
28. Qc2 Qf8 29. g3 Qf7 30. Rc8+ Rxc8 31. Qxc8+ Bf8 32. Qa8 h5 33. Qxa5 h4 34.
Qxb4 hxg3 35. hxg3 Qxd5 36. Qg4 Rf7 37. b4 Qa8 38. b5 d5 39. Bb6 d4 40. Rxe5 d3
41. Be3 Qd8 42. Re4 Qd5 43. Qe6 Qxe6 44. Rxe6 Rd7 45. Bd2 Bc5 46. Rc6 Bd4 47.
Rc4 Kf7 48. a5 Ke6 49. b6 1-0

[Event "GLOCAL SQUARE 53rd National Challengers Chess Cham"]
[Site "Naivedhyam Celebration Centre, Nagpur"]
[Date "2015.08.25"]
[Round "11"]
[Board "10"]
[White "Sangma, Rahul"]
[Black "Thejkumar, M. S."]
[Result "0-1"]
[WhiteElo "2285"]
[BlackElo "2479"]
[PlyCount "106"]
[EventDate "2015.08.17"]
[EventRounds "13"]
[EventCountry "IND"]

1. e4 c6 2. d4 d5 3. Nc3 a6 4. Nge2 dxe4 5. Nxe4 Nd7 6. N2g3 Ngf6 7. Bd3 Nxe4
8. Nxe4 Nf6 9. Nxf6+ gxf6 10. Be4 Be6 11. O-O Bd5 12. Bd3 Rg8 13. f3 Qd7 14.
Bxh7 Rh8 15. Qd3 Be6 16. g4 Bxg4 17. fxg4 Qxg4+ 18. Qg3 Qxg3+ 19. hxg3 Rxh7 20.
Kg2 O-O-O 21. Be3 Bg7 22. Rh1 Rdh8 23. Rxh7 Rxh7 24. g4 Kd7 25. c4 Rh4 26. Kg3
Rh8 27. a4 Bh6 28. Bf2 Bg5 29. Kg2 Bf4 30. Ra3 Bd6 31. Rb3 Kc8 32. Rf3 Rh2+ 33.
Kg1 Rh6 34. Kg2 Rg6 35. Kh3 Kd7 36. Rb3 Kc8 37. Rf3 e6 38. Be3 Kd7 39. Bf2 b5
40. axb5 axb5 41. c5 Bc7 42. Ra3 f5 43. gxf5 exf5 44. Ra8 f4 45. Rf8 Rg7 46.
Bh4 f3 47. Rh8 Bf4 48. Ra8 Ke6 49. Ra3 Rh7 50. Kg4 f5+ 51. Kxf4 Rxh4+ 52. Kg3
Rxd4 53. Kxf3 Kd5 0-1

[Event "GLOCAL SQUARE 53rd National Challengers Chess Cham"]
[Site "Naivedhyam Celebration Centre, Nagpur"]
[Date "2015.08.25"]
[Round "11"]
[Board "11"]
[White "Satyapragyan, Swayangsu"]
[Black "Konguvel, Ponnuswamy"]
[Result "1-0"]
[WhiteElo "2397"]
[BlackElo "2340"]
[PlyCount "93"]
[EventDate "2015.08.17"]
[EventRounds "13"]
[EventCountry "IND"]

1. e4 c5 2. Nf3 d6 3. Bb5+ Bd7 4. Bxd7+ Qxd7 5. c4 Nf6 6. Nc3 g6 7. d4 cxd4 8.
Nxd4 Bg7 9. b3 Nc6 10. Bb2 O-O 11. O-O a6 12. Nxc6 bxc6 13. Qe2 Qc7 14. Na4 Nd7
15. Bxg7 Kxg7 16. f4 Qa5 17. Rf3 Nc5 18. Qb2+ Kg8 19. Nc3 Rab8 20. Kh1 f5 21.
exf5 Rxf5 22. Raf1 Ne6 23. Qd2 Rbf8 24. g3 Qc5 25. Re3 Ng7 26. Rfe1 d5 27. Na4
Qa3 28. Rxe7 dxc4 29. Qd4 R5f7 30. Qxc4 Qxa2 31. Nc5 Nf5 32. Rxf7 Rxf7 33. Re8+
Kg7 34. Ne6+ Kh6 35. Qf1 Nh4 36. Ng5 Qxb3 37. Nxf7+ Qxf7 38. Re5 Nf5 39. Qxa6
Qd7 40. Qe2 c5 41. g4 Qc6+ 42. Qg2 Qd6 43. Qh3+ Kg7 44. gxf5 Qd1+ 45. Kg2 Qd2+
46. Kg1 Qd1+ 47. Kf2 1-0

[Event "GLOCAL SQUARE 53rd National Challengers Chess Cham"]
[Site "Naivedhyam Celebration Centre, Nagpur"]
[Date "2015.08.25"]
[Round "11"]
[Board "12"]
[White "Thakur, Akash"]
[Black "Anurag, Mhamal"]
[Result "1/2-1/2"]
[WhiteElo "2332"]
[BlackElo "2393"]
[PlyCount "50"]
[EventDate "2015.08.17"]
[EventRounds "13"]
[EventCountry "IND"]

1. e4 c5 2. Nf3 e6 3. d4 cxd4 4. Nxd4 a6 5. Nc3 Qc7 6. Be2 Nc6 7. Be3 Nf6 8.
O-O Bb4 9. Na4 Be7 10. Nxc6 bxc6 11. Nb6 Rb8 12. Nxc8 Qxc8 13. Bd4 c5 14. Be5
Rb6 15. Qd3 d6 16. Bc3 O-O 17. b3 Nd7 18. Ba5 Rc6 19. Rad1 Qb8 20. Qg3 Bd8 21.
Be1 Bf6 22. Kh1 Ne5 23. Ba5 Bd8 24. Be1 Bf6 25. Ba5 Bd8 1/2-1/2

[Event "GLOCAL SQUARE 53rd National Challengers Chess Cham"]
[Site "Naivedhyam Celebration Centre, Nagpur"]
[Date "2015.08.25"]
[Round "11"]
[Board "13"]
[White "Swayams, Mishra"]
[Black "Gusain, Himal"]
[Result "0-1"]
[WhiteElo "2446"]
[BlackElo "2302"]
[PlyCount "88"]
[EventDate "2015.08.17"]
[EventRounds "13"]
[EventCountry "IND"]

1. d4 Nf6 2. c4 c5 3. d5 e6 4. Nc3 exd5 5. cxd5 d6 6. h3 g6 7. Bf4 Bg7 8. e3
O-O 9. Nf3 a6 10. a4 Re8 11. Bd3 Nh5 12. Bh2 Nd7 13. O-O Ne5 14. Be2 Nxf3+ 15.
Bxf3 Nf6 16. Re1 Qe7 17. Qb3 Nd7 18. Be2 Be5 19. Bxe5 Qxe5 20. a5 Rb8 21. Ra4
Nf6 22. Bxa6 Bxh3 23. Bf1 Bd7 24. Bb5 Bxb5 25. Nxb5 Nxd5 26. Rd1 Nb4 27. Nxd6
Re6 28. Nc4 Qc7 29. Raa1 g5 30. Qc3 Rbe8 31. Nd2 h5 32. Nb3 Re5 33. Rd2 g4 34.
g3 h4 35. Qc4 hxg3 36. Qxg4+ Kf8 37. Qxg3 R8e6 38. Kf1 Qc6 39. Rd8+ Ke7 40.
Qh4+ Rf6 41. a6 Nc2 42. Rd3 Nxa1 43. Qh8 Rd5 44. a7 Rxd3 0-1

[Event "GLOCAL SQUARE 53rd National Challengers Chess Cham"]
[Site "Naivedhyam Celebration Centre, Nagpur"]
[Date "2015.08.25"]
[Round "11"]
[Board "14"]
[White "Deepan, Chakkravarthy J."]
[Black "Murali, Krishnan B T"]
[Result "1-0"]
[WhiteElo "2500"]
[BlackElo "2280"]
[PlyCount "55"]
[EventDate "2015.08.17"]
[EventRounds "13"]
[EventCountry "IND"]

1. c4 e6 2. d4 Nf6 3. Nc3 Bb4 4. f3 d5 5. a3 Bxc3+ 6. bxc3 O-O 7. cxd5 exd5 8.
e3 b6 9. Bd3 c5 10. Ne2 Ba6 11. O-O Re8 12. Ng3 Bxd3 13. Qxd3 Nc6 14. Bb2 Rc8
15. e4 cxd4 16. cxd4 Re6 17. e5 Ne8 18. f4 Na5 19. Bc3 Nc4 20. f5 Rec6 21. f6
Nxe5 22. dxe5 Rxc3 23. Qd2 g6 24. Rae1 R3c6 25. Rf3 Kh8 26. Qh6 Nxf6 27. exf6
Rxf6 28. Nh5 1-0

[Event "GLOCAL SQUARE 53rd National Challengers Chess Cham"]
[Site "Naivedhyam Celebration Centre, Nagpur"]
[Date "2015.08.25"]
[Round "11"]
[Board "15"]
[White "Phoobalan, P."]
[Black "Das, Arghyadip"]
[Result "0-1"]
[WhiteElo "2225"]
[BlackElo "2485"]
[PlyCount "127"]
[EventDate "2015.08.17"]
[EventRounds "13"]
[EventCountry "IND"]

1. d4 Nf6 2. Nf3 g6 3. c4 Bg7 4. Nc3 d5 5. Bf4 O-O 6. e3 c5 7. dxc5 Qa5 8. Be2
Ne4 9. Be5 Nxc3 10. Qd2 Nc6 11. Bxg7 Kxg7 12. Qxc3+ Qxc3+ 13. bxc3 dxc4 14.
Bxc4 Na5 15. Be2 Be6 16. Nd4 Rfc8 17. Nxe6+ fxe6 18. Kd2 Rxc5 19. Rac1 Rac8 20.
Rhd1 Kf6 21. Rc2 b6 22. Rb1 Nb7 23. Rb4 Nd6 24. Bd3 Kg7 25. Rbb2 Rh5 26. h3 Rg5
27. g3 Rd5 28. Ke2 Rdc5 29. Kd2 Nf7 30. h4 R8c7 31. Rb5 R5c6 32. Rb4 Nd6 33.
Rbb2 Rc5 34. Rb4 e5 35. e4 h6 36. Rb1 Kf6 37. Rh1 Ra5 38. Rb1 Rcc5 39. Rb4 Rc7
40. Rb1 Rc8 41. f3 Ke6 42. Be2 Kd7 43. Kc1 Rcc5 44. Rb3 Rc7 45. Rb1 Kc8 46. Kb2
Kb8 47. Rd1 Rac5 48. Rdd2 b5 49. Rd1 Kb7 50. Ra1 a5 51. a4 b4 52. Rac1 Rxc3 53.
Rxc3 Rxc3 54. Rxc3 bxc3+ 55. Kxc3 Kb6 56. Bc4 g5 57. hxg5 hxg5 58. Be6 Kc5 59.
g4 Nb7 60. Bc4 Kd6 61. Be2 Nc5 62. Bd1 Ne6 63. Be2 Kc5 64. Bf1 0-1

[Event "GLOCAL SQUARE 53rd National Challengers Chess Cham"]
[Site "Naivedhyam Celebration Centre, Nagpur"]
[Date "2015.08.25"]
[Round "11"]
[Board "16"]
[White "Praveen, Kumar C"]
[Black "Das, Sayantan"]
[Result "0-1"]
[WhiteElo "2239"]
[BlackElo "2444"]
[PlyCount "134"]
[EventDate "2015.08.17"]
[EventRounds "13"]
[EventCountry "IND"]

1. d4 d5 2. c4 c6 3. Nf3 Nf6 4. e3 Bf5 5. Nc3 e6 6. Nh4 Bg6 7. Be2 Nbd7 8. O-O
Ne4 9. g3 Nd6 10. cxd5 exd5 11. f3 Nf6 12. Nxg6 hxg6 13. e4 dxe4 14. fxe4 Ndxe4
15. Nxe4 Nxe4 16. Qb3 Qd7 17. Bc4 Nd6 18. Bg5 f6 19. Rae1+ Be7 20. Be6 Qc7 21.
Bf4 Kd8 22. Re2 g5 23. Bd2 Qb6 24. Qd3 Kc7 25. Bc3 Rad8 26. Qd2 Qa6 27. b3 Kb8
28. Rfe1 f5 29. Qc2 Bf6 30. Bxf5 Nxf5 31. Qxf5 Qb6 32. Kg2 Qc7 33. Bd2 Qd7 34.
Qxd7 Rxd7 35. Be3 Kc7 36. Kf3 Rd5 37. Kg4 Kd7 38. Bg1 Ra8 39. Re4 a5 40. Rc1 a4
41. Kh5 axb3 42. axb3 Ra3 43. Rb1 Rb5 44. Re3 Ra2 45. Rd3 Ke6 46. Kg4 Rd5 47.
Rc1 Raa5 48. Kf3 Rab5 49. Rc4 Ra5 50. Rc1 Kd7 51. Ke4 Be7 52. Rf3 Ke6 53. Kd3
Bf6 54. Ke4 Ra2 55. Rc5 Rg2 56. Rf1 Rd2 57. Rc4 Kd7 58. Rfc1 Rb5 59. Rb1 Rd5
60. Rbc1 Rb2 61. R1c3 Rb5 62. Rc5 R5xb3 63. Rxb3 Rxb3 64. Be3 Rb4 65. Bxg5 Bxd4
66. Rf5 Ke6 67. g4 g6 0-1

[Event "GLOCAL SQUARE 53rd National Challengers Chess Cham"]
[Site "Naivedhyam Celebration Centre, Nagpur"]
[Date "2015.08.25"]
[Round "11"]
[Board "17"]
[White "Ravi, Teja S."]
[Black "Nihal, Sarin"]
[Result "1/2-1/2"]
[WhiteElo "2416"]
[BlackElo "2259"]
[PlyCount "109"]
[EventDate "2015.08.17"]
[EventRounds "13"]
[EventCountry "IND"]

1. d4 Nf6 2. Nf3 g6 3. c4 Bg7 4. Nc3 O-O 5. g3 d6 6. Bg2 Nbd7 7. O-O e5 8. e4
c6 9. h3 Qb6 10. Re1 exd4 11. Nxd4 Re8 12. Re2 Qb4 13. Rc2 Nc5 14. Bd2 Qxc4 15.
Ncb5 cxb5 16. Rxc4 bxc4 17. Nb5 Nfxe4 18. Nc7 Be6 19. Nxa8 Rxa8 20. Bc3 Nxc3
21. bxc3 d5 22. Qc2 Rd8 23. g4 b5 24. Re1 Nd3 25. Rb1 a6 26. a4 bxa4 27. Qxa4
Bxc3 28. Bf1 Nf4 29. Qxa6 Bf6 30. Qa7 g5 31. Rb8 Rxb8 32. Qxb8+ Kg7 33. Qb5 c3
34. Qb1 d4 35. h4 h6 36. f3 d3 37. Bxd3 Nxd3 38. Qxd3 Bb3 39. hxg5 hxg5 40. Qe3
c2 41. Kg2 Kh6 42. Qxb3 c1=Q 43. Qxf7 Qd2+ 44. Kh3 Qf4 45. Kg2 Qd6 46. Kh3 Qe7
47. Qg8 Be5 48. Kg2 Bf4 49. Qc4 Qe5 50. Kh3 Kg7 51. Qc6 Qe3 52. Qd7+ Kf6 53.
Qd5 Ke7 54. Qc6 Qd2 55. Qe6+ 1/2-1/2